The complete IDIOT'S guide to great customer service / (Record no. 128965)
[ view plain ]
| 000 -LEADER | |
|---|---|
| fixed length control field | 00788nam a22002417a 4500 |
| 005 - DATE AND TIME OF LATEST TRANSACTION | |
| control field | 20170124110049.0 |
| 010 ## - LIBRARY OF CONGRESS CONTROL NUMBER | |
| LC control number | A-950546 |
| 020 ## - INTERNATIONAL STANDARD BOOK NUMBER | |
| Terms of availability | 150.00 |
| International Standard Book Number | 8120314132 |
| 035 ## - SYSTEM CONTROL NUMBER | |
| System control number | A-950546 |
| 037 ## - SOURCE OF ACQUISITION | |
| Source of stock number/acquisition | Cen Lib/Ret |
| 040 ## - CATALOGING SOURCE | |
| Original cataloging agency | DPL |
| Language of cataloging | EN |
| 082 ## - DEWEY DECIMAL CLASSIFICATION NUMBER | |
| Classification number | 658.812 |
| Item number | KAR |
| 100 ## - MAIN ENTRY--PERSONAL NAME | |
| Personal name | Karr, Ron |
| 9 (RLIN) | 24961 |
| 245 ## - TITLE STATEMENT | |
| Title | The complete IDIOT'S guide to great customer service / |
| Statement of responsibility, etc | by Ron Karr [and] Don Blohowiak |
| 260 ## - PUBLICATION, DISTRIBUTION, ETC. (IMPRINT) | |
| Place of publication, distribution, etc | New Delhi |
| Name of publisher, distributor, etc | Prentice Hall of India |
| Date of publication, distribution, etc | 1998 |
| 270 ## - ADDRESS | |
| Address | M-97, connaught circus |
| City | New Delhi |
| Postal code | 110001 |
| 300 ## - PHYSICAL DESCRIPTION | |
| Extent | xxxvi, 326p. ; |
| Dimensions | 22cm(Hb) |
| Other physical details | ill. |
| 500 ## - GENERAL NOTE | |
| General note | Includes index |
| 650 ## - SUBJECT ADDED ENTRY--TOPICAL TERM | |
| Topical term or geographic name as entry element | Communication theory |
| 9 (RLIN) | 80127 |
| 650 ## - SUBJECT ADDED ENTRY--TOPICAL TERM | |
| Topical term or geographic name as entry element | Service and communication |
| Form subdivision | Guide |
| 9 (RLIN) | 24963 |
| 700 ## - ADDED ENTRY--PERSONAL NAME | |
| Personal name | Blohowiak, Don |
| 9 (RLIN) | 24964 |
| 942 ## - ADDED ENTRY ELEMENTS (KOHA) | |
| Source of classification or shelving scheme | Dewey Decimal Classification |
| Koha item type | English Books |
| Classification part | 658.812 |
| Call number suffix | KAR |
| Withdrawn status | Lost status | Damaged status | Not for loan | Home library | Current library | Date acquired | Source of acquisition | Cost, normal purchase price | Total Checkouts | Full call number | Barcode | Date last seen | Date checked out | Copy number | Cost, replacement price | Price effective from | Koha item type |
|---|---|---|---|---|---|---|---|---|---|---|---|---|---|---|---|---|---|
| Central Library | Central Library | 04/07/2015 | c | 150.00 | 1 | 658.812 KAR | A-950546 | 04/10/2019 | 04/08/2019 | 1 | 150.00 | 04/07/2015 | English Books |
